000 00683cam a2200241 4500500
005 20260329004254.0
041 _afre
042 _adc
100 1 0 _aPortevin, Catherine
_eauthor
245 0 0 _aSpinoza vu par Miguel Benasayag
260 _c2019.
500 _a20
690 _aCorps
690 _aÉmancipation
690 _aMiguel Benasayag
690 _aPolitique
690 _aPossibles
690 _aSouffrance
690 _aSpinoza
690 _aTranshumanisme
786 0 _nPhilosophie magazine | 128 | 4 | 2019-04-01 | p. 35-35 | 1951-1787
856 4 1 _uhttps://shs.cairn.info/magazine-philosophie-magazine-2019-4-page-35?lang=fr&redirect-ssocas=7080
999 _c1832361
_d1832361